000
00296nam a22001337a 4500
008
171104b xxu||||| |||| 00| 0 eng d
020
_a
9781934920619
041
_a
eng
080
_a
330.722.6
100
_a
61
101
_a
KON
245
_a
ACCOUNTING I & II
_c
CASTANEDA, R
942
_2
udc
_c
BK
999
_c
37674
_d
37674